header

Polysaccharides (Record no. 167346)

MARC details
000 -LEADER
fixed length control field 01384nam a2200349Ia 4500
082 04 - DEWEY DECIMAL CLASSIFICATION NUMBER
Classification number 572/.566
245 00 - TITLE STATEMENT
Title Polysaccharides
260 ## - PUBLICATION, DISTRIBUTION, ETC. (IMPRINT)
Place of publication New York :
Name of publisher Nova Science Publishers,
Year of publication c2010.
300 ## - PHYSICAL DESCRIPTION
Number of Pages viii, 552 p. :
Other physical details ill.
490 1# - SERIES STATEMENT
Series statement Polymer science and technology
650 #0 - SUBJECT ADDED ENTRY--TOPICAL TERM
Topical Term Polysaccharides.
Topical Term Saccharides.
700 1# - ADDED ENTRY--PERSONAL NAME
Personal name Tiwari, Ashutosh,
856 40 - ELECTRONIC LOCATION AND ACCESS
Uniform Resource Identifier http://site.ebrary.com/lib/rucke/Doc?id=10659038

No items available.

© 2026 Rongo University
Contact us: librarian | system librarian | Rongo university